<?xml version="1.0" encoding="UTF-8"?>
<record
    xmlns:xsi="http://www.w3.org/2001/XMLSchema-instance"
    xsi:schemaLocation="http://www.loc.gov/MARC21/slim http://www.loc.gov/standards/marcxml/schema/MARC21slim.xsd"
    xmlns="http://www.loc.gov/MARC21/slim">

  <leader>00721nam a2200217Ia 4500</leader>
  <controlfield tag="001">14177</controlfield>
  <controlfield tag="003">GE_BSU</controlfield>
  <controlfield tag="008">181216s||||||||xx |||||||||||||| ||und||</controlfield>
  <datafield tag="040" ind1=" " ind2=" ">
    <subfield code="c">GE_BSU</subfield>
  </datafield>
  <datafield tag="245" ind1=" " ind2=" ">
    <subfield code="a">&#x41C;&#x438;&#x440; &#x418;&#x441;&#x43B;&#x430;&#x43C;&#x430;. Pax Islamica 1-2 (8-9) 2012</subfield>
  </datafield>
  <datafield tag="245" ind1=" " ind2=" ">
    <subfield code="b">&#x418;&#x437;&#x431;&#x440;&#x430;&#x43D;&#x43D;&#x44B;&#x435; &#x434;&#x43E;&#x43A;&#x43B;&#x430;&#x434;&#x44B; II &#x43C;&#x435;&#x436;&#x434;&#x443;&#x43D;&#x430;&#x440;&#x43E;&#x434;&#x43D;. &#x43D;&#x430;&#x443;&#x447;&#x43D;. &#x43A;&#x43E;&#x43D;&#x444;&#x435;&#x440;&#x435;&#x43D;&#x446;. "&#x41C;&#x438;&#x440; &#x418;&#x441;&#x43B;&#x430;&#x43C;&#x430;" &#x418;&#x441;&#x442;&#x43E;&#x440;&#x438;&#x44F;, &#x41E;&#x431;&#x449;&#x435;&#x441;&#x442;&#x432;&#x43E;, &#x41A;&#x443;&#x43B;&#x44C;&#x442;&#x443;&#x440;&#x430;</subfield>
  </datafield>
  <datafield tag="260" ind1=" " ind2=" ">
    <subfield code="a">&#x41C;&#x43E;&#x441;&#x43A;&#x432;&#x430;</subfield>
  </datafield>
  <datafield tag="260" ind1=" " ind2=" ">
    <subfield code="b">&#x418;&#x437;&#x434;.&#x434;&#x43E;&#x43C; &#x41C;&#x430;&#x440;&#x434;&#x436;&#x430;&#x43D;&#x438;</subfield>
  </datafield>
  <datafield tag="260" ind1=" " ind2=" ">
    <subfield code="c">2012</subfield>
  </datafield>
  <datafield tag="300" ind1=" " ind2=" ">
    <subfield code="a">512&#x441;&#x442;&#x440;.22&#x441;&#x43C;.</subfield>
  </datafield>
  <datafield tag="653" ind1=" " ind2=" ">
    <subfield code="a">Pax Islamica</subfield>
  </datafield>
  <datafield tag="653" ind1=" " ind2=" ">
    <subfield code="a">&#x418;&#x437;&#x431;&#x440;&#x430;&#x43D;&#x43D;&#x44B;&#x435; &#x434;&#x43E;&#x43A;&#x43B;&#x430;&#x434;&#x44B;</subfield>
  </datafield>
  <datafield tag="653" ind1=" " ind2=" ">
    <subfield code="a">&#x41C;&#x438;&#x440; &#x418;&#x441;&#x43B;&#x430;&#x43C;&#x430;</subfield>
  </datafield>
  <datafield tag="653" ind1=" " ind2=" ">
    <subfield code="a">&#x10DC;&#x10D0;&#x10E9;&#x10E3;&#x10E5;&#x10D0;&#x10E0;&#x10D8;</subfield>
  </datafield>
  <datafield tag="942" ind1=" " ind2=" ">
    <subfield code="c">CR</subfield>
  </datafield>
  <datafield tag="999" ind1=" " ind2=" ">
    <subfield code="c">47316</subfield>
    <subfield code="d">47316</subfield>
  </datafield>
  <datafield tag="952" ind1=" " ind2=" ">
    <subfield code="0">0</subfield>
    <subfield code="1">0</subfield>
    <subfield code="4">0</subfield>
    <subfield code="7">0</subfield>
    <subfield code="9">62030</subfield>
    <subfield code="d">2018-12-17</subfield>
    <subfield code="p">p76701</subfield>
    <subfield code="r">2018-12-17</subfield>
    <subfield code="w">2018-12-17</subfield>
    <subfield code="y">CR</subfield>
  </datafield>
</record>
